[Event "WA Invitational"]
[Site "Seattle"]
[Date "2010.02.07"]
[Round "4"]
[White "Tang Wayee"]
[Black "Narayanan Siva"]
[Result "1-0"]
[WhiteElo "1490"]
[BlackElo "1787"]

1.e4 d5 2.exd5 Nf6 3.Nf3 Bg4 4.Be2 Qxd5 5.Nc3 Qh5 6.d4 Nc6 7.Be3
O-O-O 8.O-O Qa5 9.h3 Bh5 10.a3 Nd5 11.Nxd5 Qxd5 12.c4 Qe6 13.Ng5
Nxd4 14.Bxh5 Qxc4 15.Nxf7 Rd5 16.Nxh8 g6 17.Qg4+ e6 18.Nxg6 hxg6
19.Bxg6 Rd8 20.Rad1 Ne2+ 21.Kh1 Bd6 22.Qxc4 1-0

[Event "WA Invitational"]
[Site "Seattle"]
[Date "2010.02.13"]
[Round "5"]
[White "Smith Mark"]
[Black "Tang Richard"]
[Result "1-0"]
[WhiteElo "1894"]
[BlackElo "1114"]

1.e4 e5 2.Nf3 Nc6 3.Bb5 a6 4.Bxc6 dxc6 5.O-O Bd6 6.d4 Bg4 7.dxe5
Bxe5 8.Qxd8+ Rxd8 9.Nxe5 Be6 10.Nc3 f6 11.Nf3 Ne7 12.Bf4 Rd7
13.Rfd1 Rxd1+ 14.Rxd1 O-O 15.Bxc7 Bg4 16.Rd8 Bxf3 17.Rxf8+ Kxf8
18.gxf3 Kf7 19.Na4 Ke6 20.Nc5+ Kf7 21.Nxb7 Ng6 22.Bg3 Ke8 23.Nc5
a5 24.Nb7 Ne7 25.Nxa5 Nc8 26.Nxc6 Nb6 27.b3 g5 28.a4 h5 29.a5
Na8 30.h4 gxh4 31.Bxh4 Kd7 32.Nd4 1-0

[Event "WA Invitational"]
[Site "Seattle"]
[Date "2010.02.13"]
[Round "5"]
[White "Narayanan Siva"]
[Black "Hosford Michael"]
[Result "0-1"]
[WhiteElo "1787"]
[BlackElo "1860"]

1.e4 Nc6 2.Nf3 d6 3.d4 Nf6 4.Nc3 Bg4 5.Be3 e6 6.a3 Be7 7.Bd3
d5 8.e5 Nd7 9.h3 Bh5 10.g4 Bg6 11.Bxg6 hxg6 12.g5 Na5 13.b3 c5
14.dxc5 Nc6 15.Bf4 Bxc5 16.b4 Be7 17.Qd2 Nb6 18.h4 Nc4 19.Qe2
Rc8 20.Nd1 Nxa3 21.c3 Nc4 22.O-O Qc7 23.Bg3 a6 24.Re1 Bd8 25.Nb2
Nxb2 26.Qxb2 O-O 27.Kg2 Qb6 28.Qd2 Be7 29.Rh1 d4 30.Nxd4 Nxd4
31.Qxd4 Qxd4 32.cxd4 Bxb4 33.Rab1 a5 34.Bf4 Rfd8 35.Rhd1 Rc4
36.Be3 Rd5 37.Kf3 Kf8 38.Rdc1 b5 39.Kg4 Ke7 40.h5 gxh5+ 41.Kxh5
g6+ 42.Kg4 Ba3 43.Rd1 Rxe5 44.Kf3 Rd5 45.Ke2 Bd6 46.Kd3 Rc7 47.Rdc1
Rxc1 48.Rxc1 Kd7 49.f4 a4 50.Bd2 a3 51.Kc3 Rf5 52.Rf1 Kc6 53.Kb3
Kd5 54.Bc1 b4 55.Rd1 Bxf4 56.Kxb4 Bxc1 57.Rxc1 Kxd4 58.Kxa3 Rxg5
59.Kb4 Rd5 60.Rf1 f5 61.Re1 Rd6 62.Rd1+ Ke5 63.Re1+ Kf6 64.Kc4
e5 65.Kc5 Re6 66.Kd5 e4 67.Re2 e3 68.Kd4 f4 69.Re1 e2 70.Kd3
f3 71.Kd2 Rd6+ 72.Kc1 f2 0-1

[Event "WA Invitational"]
[Site "Seattle"]
[Date "2010.02.13"]
[Round "5"]
[White "Feng Roland"]
[Black "Goodfellow Robert"]
[Result "1-0"]
[WhiteElo "1882"]
[BlackElo "1744"]

1.Nf3 c5 2.c4 d6 3.Nc3 Nf6 4.d4 cxd4 5.Nxd4 Nc6 6.e4 g6 7.Be2
Bg7 8.Be3 O-O 9.O-O a6 10.Qd2 Rb8 11.f3 Nd7 12.Nc2 b5 13.cxb5
axb5 14.Bxb5 Bxc3 15.Qxc3 Rxb5 16.Qxc6 Qa5 17.b4 Ne5 18.Qc3 Qa4
19.Bh6 Re8 20.f4 Be6 21.Qb2 Rc8 22.Rfc1 Qa7+ 23.Kh1 Qf2 24.fxe5
Rxe5 25.Be3 Qh4 26.Ne1 Rh5 27.Nf3 Qxe4 28.Qd4 Qa8 29.Qa7 Rxc1+
30.Rxc1 Qxa7 31.Bxa7 Bxa2 32.Nd4 e5 33.Nc6 e4 34.Nd4 e3 35.b5
Bd5 36.Kg1 Rg5 37.g3 h5 38.Nc6 h4 39.Bxe3 Rg4 40.Ne7+ 1-0

[Event "WA Invitational"]
[Site "Seattle"]
[Date "2010.02.13"]
[Round "5"]
[White "Fryberg Skylor"]
[Black "Tang Wayee"]
[Result "1-0"]
[WhiteElo "1906"]
[BlackElo "1490"]

1.e4 c5 2.c3 d5 3.exd5 Nf6 4.d4 cxd4 5.cxd4 Nxd5 6.Nc3 a6 7.Nf3
Nc6 8.Be2 e6 9.O-O b5 10.Re1 Bb7 11.Bd3 Rc8 12.Ne4 Qc7 13.a3
h6 14.Bd2 g5 15.Rc1 Bg7 16.Ne5 O-O 17.h4 Qe7 18.Nxc6 Bxc6 19.hxg5
Bxd4 20.gxh6 Bxb2 21.Rc2 Bd4 22.Qg4+ Kh8 23.Nc3 Bf6 24.Qe4 1-0

[Event "WA Invitational"]
[Site "Seattle"]
[Date "2010.02.13"]
[Round "5"]
[White "Vanmane Amith"]
[Black "Ummel Igor"]
[Result "0-1"]
[WhiteElo "1643"]
[BlackElo "2041"]
[Annotator "Ummel Igor"]

1.e4 c6 2.d4 d5 3.e5 Bf5 4.f4 e6 5.Nd2 c5 6.c3 Nc6 7.Ngf3 h5
8.Bb5 Qb6 9.Bxc6+ bxc6 {White is already weak on the light squares.}
10.Nb3 c4 11.Nbd2 Nh6 12.h3 Be7 13.b3 Qa5 14.Bb2 Bd3 15.Kf2 Qd8
16.g3 Nf5 17.bxc4 g5 {?!} {A slight inaccuracy.  Better is}
( 17...Rb8 18.Qc1 dxc4 {$15.} ) 18.Qa4 {?!} {White returns the favor.  After}
( 18.Ne1 Bxc4 19.Nxc4 dxc4 20.fxg5 Bxg5 {, White's okay.} ) gxf4
19.Qxc6+ Kf8 20.cxd5 Rb8 21.d6 fxg3+ 22.Kg2 Rxb2 23.dxe7+ Qxe7
{White is lost, as Black's pieces are very strongly placed.}
24.Qc5 ( 24.Rhe1 Nh4+ 25.Kg1 Bf5 $19 ) Qxc5 25.dxc5 Be2 26.Ne4
Bd3+ 27.Ned2 Be4 28.Kg1 {After} ( 28.Rhd1 Ke7 {, Black has a dominating position.  However,}
( 28...Ne3+ {?!} 29.Kxg3 Nxd1 30.Nxe4 Ne3 31.Nf6 {gives White counterplay.}
) ) Nh4 29.Nxh4 Rxd2 30.Re1 Bc6 {White is paralyzed.} 31.a4 Ke7 0-1

[Event "WA Invitational"]
[Site "Seattle"]
[Date "2010.02.07"]
[Round "6"]
[White "Goodfellow Robert"]
[Black "Narayanan Siva"]
[Result "0-1"]
[WhiteElo "1744"]
[BlackElo "1787"]

1.b4 c6 2.c4 Qb6 3.a3 a5 4.c5 Qc7 5.Qa4 d5 6.Nc3 Bd7 7.Bb2 Nf6
8.g3 d4 9.Na2 e5 10.Nf3 Bg4 11.Bg2 Nbd7 12.Rc1 Be7 13.O-O O-O
14.b5 Nxc5 15.Qc2 cxb5 16.e3 Bxf3 17.Bxf3 Rfd8 18.exd4 exd4 19.Rfe1
Rac8 20.Qf5 Bf8 21.Bg4 Nxg4 22.Qxg4 Qd7 23.Qh5 Nd3 24.Re4 0-1

[Event "WA Invitational"]
[Site "Seattle"]
[Date "2010.02.07"]
[Round "6"]
[White "Ummel Igor"]
[Black "Tang Wayee"]
[Result "1-0"]
[WhiteElo "2041"]
[BlackElo "1490"]

1.f4 d5 2.Nf3 g6 3.e3 Bg7 4.Be2 Nf6 5.O-O c5 6.d3 Nc6 7.Nc3 O-O
8.e4 d4 9.Nb1 a6 10.a4 Ng4 11.Na3 f5 12.e5 Rb8 13.Ng5 Ngxe5 14.fxe5
Nxe5 15.Re1 Nc6 16.Bf3 e5 17.c3 Na5 18.b4 h6 19.bxa5 hxg5 20.Qb3+
Kh7 21.cxd4 Qxa5 22.Bxg5 e4 23.Be7 Bxd4+ 24.Kh1 Bxa1 25.Rxa1
exf3 26.Bxf8 fxg2+ 27.Kxg2 Qd2+ 28.Kh1 Be6 29.Qxe6 Rxf8 30.Qe7+
Kg8 31.Rg1 Qh6 32.Nc4 Qh5 33.Ne5 1-0

[Event "WA Invitational"]
[Site "Seattle"]
[Date "2010.02.07"]
[Round "6"]
[White "Tang Richard"]
[Black "Feng Roland"]
[Result "0-1"]
[WhiteElo "1114"]
[BlackElo "1882"]

1.e4 c5 2.Nf3 e6 3.d4 cxd4 4.Nxd4 Nc6 5.Nb5 d6 6.Be2 a6 7.N5c3
Nf6 8.Be3 Be7 9.O-O O-O 10.Re1 b5 11.Nd2 Bb7 12.h3 Qc7 13.Nf3
Rfd8 14.Bd3 Ne5 15.Nxe5 dxe5 16.f3 Bc5 17.Qe2 Nh5 18.Bxc5 Qxc5+
19.Qe3 Qe7 20.Ne2 Qh4 21.Qf2 Qg5 22.Rad1 Nf4 23.Nxf4 exf4 24.Be2
e5 25.Rxd8+ Rxd8 26.Bd3 h5 27.h4 Qe7 28.Kf1 Rd6 29.Qc5 Qe6 30.a3
Bc6 31.Qa7 Bd7 32.b3 Qf6 33.Qf2 Rd4 {%02'time'} {%30^030} 0-1

[Event "WA Invitational"]
[Site "Seattle"]
[Date "2010.02.13"]
[Round "6"]
[White "Vanmane Amith"]
[Black "Smith Mark"]
[Result "1-0"]
[WhiteElo "1643"]
[BlackElo "1894"]

1.e4 c5 2.Nc3 d6 3.f4 Nf6 4.Nf3 g6 5.Bb5+ Bd7 6.Bxd7+ Nbxd7 7.d3
Bg7 8.O-O O-O 9.h3 a6 10.Be3 b5 11.Qd2 e6 12.Nh2 b4 13.Ne2 d5
14.e5 d4 15.Bxd4 cxd4 16.exf6 Nxf6 17.Qxb4 Nd5 18.Qd2 Ne3 19.Rfe1
Rc8 20.Rac1 e5 21.fxe5 Bxe5 22.Nf3 Bg7 23.c3 Bh6 24.Rb1 Nf5 25.Qd1
Ne3 26.Qd2 Kg7 27.Nexd4 Re8 28.Qf2 Qd5 29.a3 Bf4 30.Nd2 f5 31.Qf3
Qd6 32.Nf1 Nxf1 33.Kxf1 Bg3 34.Rxe8 Rxe8 35.Ne2 Bh4 36.Qf4 Qxd3
37.Qd4+ Qxd4 38.Nxd4 Rb8 39.b4 Rc8 40.Rc1 Bf6 41.Ne6+ Kf7 42.Nc5
a5 43.c4 Bb2 44.Nb7 Rb8 45.Rb1 Bxa3 46.bxa5 Ke7 47.a6 Bc5 48.Re1+ 1-0

[Event "WA Invitational"]
[Site "Seattle"]
[Date "2010.02.14"]
[Round "7"]
[White "Fryberg Skylor"]
[Black "Goodfellow Robert"]
[Result "1/2-1/2"]
[WhiteElo "1906"]
[BlackElo "1744"]

1.e4 c5 2.c3 g6 3.d4 cxd4 4.cxd4 Bg7 5.Nf3 d6 6.Nc3 Bg4 7.Be2
Nc6 8.Be3 Nf6 9.O-O O-O 10.Qd2 Qa5 11.Rad1 Rfc8 12.h3 Bd7 13.Nh4
Rab8 14.f4 b5 15.a3 b4 16.axb4 Qxb4 17.e5 Ne8 18.Rb1 dxe5 19.fxe5
Rd8 20.Bd3 Be6 21.Nf3 Bc4 22.Bxc4 Qxc4 23.Qf2 Nc7 24.Rbc1 Nb4
25.Ne4 Qd3 26.Rxc7 Nd5 27.Rxa7 Nxe3 28.Nc5 Qxf1+ 29.Qxf1 Nxf1
30.Kxf1 Rxb2 1/2-1/2

[Event "WA Invitational"]
[Site "Seattle"]
[Date "2010.02.14"]
[Round "7"]
[White "Narayanan Siva"]
[Black "Tang Richard"]
[Result "0-1"]
[WhiteElo "1787"]
[BlackElo "1114"]

1.e4 e5 2.Nf3 Nc6 3.d4 exd4 4.Bc4 Nf6 5.e5 d5 6.Bb5 Ne4 7.Nxd4
Bc5 8.Be3 Bd7 9.Bxc6 bxc6 10.O-O Bb6 11.f3 Ng5 12.f4 Ne4 13.c3
c5 14.Nc2 c6 15.f5 Qe7 16.Nd2 Qxe5 17.Nxe4 dxe4 18.f6 gxf6 19.Kh1
f5 20.Qh5 Qe6 21.Rad1 Qg6 22.Qe2 Be6 23.Rd6 Rc8 24.a4 Ke7 25.Bf4
Rhd8 26.Rfd1 Rxd6 27.Bxd6+ Ke8 28.a5 Bxa5 29.Bxc5 Bb6 30.Bb4
Qg4 31.Qf1 Bc4 32.Qe1 Qe2 33.Qxe2 Bxe2 34.Re1 Bd3 35.Ne3 Bxe3
36.Rxe3 f4 37.Re1 Kd7 38.Bc5 a5 39.Kg1 Rb8 40.b4 a4 41.Kf2 a3
42.g3 f3 43.Ke3 a2 44.Ra1 Bb1 45.Kf4 Rb5 46.Bd4 Ke6 47.Ke3 Kf5
48.h3 h5 49.Kf2 Ke6 50.Ke3 Rf5 51.Kf2 f6 52.Be3 Rd5 53.c4 Rd3
54.Bf4 Rb3 55.b5 cxb5 56.cxb5 Rxb5 57.Be3 Rb2+ 58.Ke1 Re2+ 59.Kf1
Rxe3 60.g4 hxg4 61.hxg4 Re2 {and Black eventually won.} {%30^030} 0-1

[Event "WA Invitational"]
[Site "Seattle"]
[Date "2010.02.14"]
[Round "7"]
[White "Tang Wayee"]
[Black "Hosford Michael"]
[Result "0-1"]
[WhiteElo "1490"]
[BlackElo "1860"]

1.e4 Nc6 2.d4 d5 3.exd5 Qxd5 4.Nf3 Bg4 5.Be2 O-O-O 6.c3 e5 7.c4
Bb4+ 8.Bd2 Qa5 9.d5 Bxf3 10.Bxf3 Nd4 11.Nc3 Nf6 12.O-O Qa6 13.b3
c6 14.Ne4 Nxf3+ 15.gxf3 Bxd2 16.Qxd2 cxd5 17.cxd5 Nxd5 18.Rac1+
Kb8 19.Nc5 Qg6+ 20.Kh1 Nf4 21.Na6+ Qxa6 22.Qe3 f6 23.Rb1 Qd3
24.a4 Rd7 0-1

[Event "WA Invitational"]
[Site "Seattle"]
[Date "2010.02.14"]
[Round "7"]
[White "Smith Mark"]
[Black "Ummel Igor"]
[Result "0-1"]
[WhiteElo "1894"]
[BlackElo "2041"]

1.g3 e5 2.Bg2 Nc6 3.c4 Nf6 4.Nc3 Bb4 5.Nd5 a5 6.e3 O-O 7.Ne2
Re8 8.O-O Bc5 9.d3 d6 10.b3 Bf5 11.a3 Nxd5 12.cxd5 Ne7 13.Bb2
Bb6 14.Rc1 Qd7 15.e4 Bg4 16.Qd2 c6 17.dxc6 Nxc6 18.Kh1 Bxe2 19.Qxe2
Qe6 20.Rb1 Bd4 21.f4 Bxb2 22.Qxb2 Nd4 23.f5 Qh6 24.f6 Rac8 25.Rbc1
gxf6 26.Rc4 b5 27.Rcc1 Kg7 28.Rfe1 Rxc1 29.Rxc1 Ne2 30.Re1 Nxg3+
31.Kg1 Nh5 32.Qf2 Nf4 33.Re3 Kh8 34.Rg3 Rc8 35.h3 Rg8 36.Rxg8+
Kxg8 37.Qf3 Qg5 38.Kh2 Qxg2+ 39.Qxg2+ Nxg2 40.Kxg2 Kg7 41.Kf3
h5 42.h4 Kg6 43.Kg3 f5 44.exf5+ Kxf5 45.Kf3 d5 46.a4 b4 47.d4
exd4 48.Ke2 Ke4 49.Kd2 d3 50.Ke1 Ke3 0-1

[Event "WA Invitational"]
[Site "Seattle"]
[Date "2010.02.14"]
[Round "7"]
[White "Feng Roland"]
[Black "Vanmane Amith"]
[Result "1-0"]
[WhiteElo "1882"]
[BlackElo "1643"]

1.Nf3 Nf6 2.c4 g6 3.Nc3 Bg7 4.e4 d6 5.d4 O-O 6.Be2 e5 7.O-O Nc6
8.d5 Ne7 9.b4 Ne8 10.Nd2 f5 11.a4 Rf7 12.Ba3 Bf8 13.c5 a6 14.Nc4
fxe4 15.b5 Bf5 16.b6 Nc8 17.Qb3 Qf6 18.c6 Rb8 19.bxc7 Rxc7 20.Na5
b6 21.Bxa6 Ra8 22.Bxc8 bxa5 23.Bb7 Rb8 24.Nb5 Rf7 25.Qc3 Qd8
26.Bc1 Bc8 27.Bxc8 Rxc8 28.Bd2 Ra8 29.Be3 Nf6 30.Rad1 Ne8 31.h3
Nc7 32.Nxc7 Qxc7 33.Rb1 Bg7 34.Rb7 Qc8 35.Rfb1 Rc7 36.Rxc7 Qxc7
37.Rb7 Qc8 38.Qb3 Bf8 39.c7 {%02'time'} {%30^030} 1-0

[Event "WA Invitational"]
[Site "Seattle"]
[Date "2010.02.14"]
[Round "8"]
[White "Goodfellow Robert"]
[Black "Tang Wayee"]
[Result "1/2-1/2"]
[WhiteElo "1744"]
[BlackElo "1490"]

1.b4 Nf6 2.c4 g6 3.Bb2 Bg7 4.d4 c6 5.Nf3 d5 6.e3 a6 7.a4 O-O
8.Nbd2 dxc4 9.Nxc4 b5 10.Nce5 Bb7 11.Rc1 Nd5 12.Nd3 Nd7 13.Be2
f5 14.h4 N7f6 15.Ng5 Re8 16.Ne6 Qd6 17.Nec5 Bc8 18.h5 Ne4 19.hxg6
Qxg6 20.Rh2 Nxe3 21.Bh5 Nxd1 22.Bxg6 hxg6 23.Rxd1 Nxc5 24.Nxc5
f4 25.Bc1 e5 26.Kf1 g5 27.dxe5 Bxe5 28.Rh6 bxa4 29.Rxc6 Ra7 30.Rg6+
Rg7 31.Rxg7+ Kxg7 32.Nxa4 Be6 33.Kg1 Kg6 34.Nc5 Bc4 35.Re1 Bb5 1/2-1/2

[Event "WA Invitational"]
[Site "Seattle"]
[Date "2010.02.14"]
[Round "8"]
[White "Tang Richard"]
[Black "Fryberg Skylor"]
[Result "0-1"]
[WhiteElo "1114"]
[BlackElo "1906"]

1.e4 c6 2.d4 d5 3.Nc3 dxe4 4.Nxe4 Bf5 5.Ng3 Bg6 6.Nf3 Nd7 7.Bf4
e6 8.a3 Be7 9.Be2 Ngf6 10.c4 Nh5 11.Nxh5 Bxh5 12.O-O O-O 13.b4
Nf6 14.Be3 Qc7 15.c5 Rad8 16.Qc2 Bg6 17.Qc4 Nd5 18.Rfe1 Bf6 19.Rad1
Rd7 20.Bd3 Bxd3 21.Rxd3 Rfd8 22.Red1 h5 23.h3 Nf4 24.Bxf4 Qxf4
25.Qc3 Rd5 26.Qd2 Qc7 27.Qe3 R8d7 28.R1d2 Qd8 29.Kf1 e5 30.Re2
Re7 31.Qe4 exd4 32.Qf4 Rxe2 33.Kxe2 b6 34.cxb6 axb6 35.a4 c5
36.bxc5 bxc5 37.g4 c4 38.Rd1 d3+ 39.Kf1 c3 40.Qc1 c2 0-1

[Event "WA Invitational"]
[Site "Seattle"]
[Date "2010.02.14"]
[Round "8"]
[White "Vanmane Amith"]
[Black "Narayanan Siva"]
[Result "1-0"]
[WhiteElo "1643"]
[BlackElo "1787"]

1.e4 d5 2.exd5 Qxd5 3.Nc3 Qd6 4.Nf3 Nf6 5.Bc4 e6 6.O-O a6 7.d3
b5 8.Bb3 Bb7 9.Re1 c5 10.a3 b4 11.axb4 cxb4 12.Ba4+ Nbd7 13.Bxd7+
Qxd7 14.Na4 Qc6 15.Be3 Rd8 16.Nb6 Ng4 17.Nc4 Nxe3 18.fxe3 Qc7
19.Rf1 Rd5 20.Qe2 Rh5 21.d4 Rh6 22.b3 g5 23.Nfe5 f6 24.Ng4 Rg6
25.Nxf6+ Ke7 26.Ng4 Bg7 27.Nge5 Rf6 28.Rxf6 Bxf6 29.Qh5 Kf8 30.Rf1
Kg7 31.Nd6 Rf8 32.Ne8+ Rxe8 33.Qxe8 Be4 34.Rxf6 Kxf6 35.Qf8+ 1-0

[Event "WA Invitational"]
[Site "Seattle"]
[Date "2010.02.14"]
[Round "8"]
[White "Smith Mark"]
[Black "Feng Roland"]
[Result "0-1"]
[WhiteElo "1894"]
[BlackElo "1882"]

1.e4 c5 2.Nc3 e6 3.Nf3 Nc6 4.g3 d5 5.d3 d4 6.Ne2 Bd6 7.Bg2 Nge7
8.O-O O-O 9.Nd2 f6 10.Nc4 e5 11.f4 Be6 12.Nxd6 Qxd6 13.f5 Bf7
14.g4 b5 15.g5 c4 16.Ng3 cxd3 17.cxd3 Rac8 18.gxf6 Qxf6 19.Nh5
Bxh5 20.Qxh5 h6 21.Bd2 a5 22.a3 Nb8 23.Rac1 a4 24.Rxc8 Rxc8 25.Rc1
Rxc1+ 26.Bxc1 Kf8 27.Qd1 Qc6 28.Bd2 Kg8 29.b3 Kh7 30.bxa4 bxa4
31.f6 Qxf6 32.Qxa4 Ng6 33.Qd1 Nd7 34.Qf3 Qa6 35.Bh3 Ndf8 36.Bb4
Nf4 37.Bxf8 Qg6+ 38.Kf2 Qf7 39.Bf5+ g6 40.Bd6 gxf5 41.Bxe5 Nxd3+
42.Ke2 Nxe5 43.Qxf5+ Qxf5 44.exf5 d3+ 45.Ke3 Nc4+ 46.Kxd3 Nxa3
47.Kd4 Kg7 48.Ke5 Kf7 0-1

[Event "WA Invitational"]
[Site "Seattle"]
[Date "2010.02.14"]
[Round "8"]
[White "Ummel Igor"]
[Black "Hosford Michael"]
[Result "1-0"]
[WhiteElo "2041"]
[BlackElo "1860"]

1.f4 d5 2.Nf3 Bg4 3.Ne5 Bh5 4.g3 f6 5.Nf3 e5 6.fxe5 fxe5 7.Nxe5
Bd6 8.d4 Nd7 9.Bg2 Ngf6 10.Nc3 c6 11.Bf4 Qe7 12.Nxd7 Qxd7 13.Bxd6
Qxd6 14.Qd2 O-O 15.O-O-O Rae8 16.Rde1 Bg6 17.Bf3 b5 18.Rhf1 Re7
19.Qf4 Qd8 20.Qg5 Rfe8 21.h4 Qa5 22.Kb1 b4 23.Nd1 b3 24.axb3
Qb4 25.h5 Be4 26.h6 Bxf3 27.exf3 Qxd4 28.Rxe7 Rxe7 29.Re1 Qc5
30.Re6 Kf7 31.Rxe7+ Qxe7 32.Qxg7+ Ke6 33.Qxe7+ Kxe7 34.Ne3 Ke6
35.c3 Ng8 36.Ng4 Kf5 37.Kc2 c5 38.Kd3 a5 39.c4 d4 40.Nf2 Nf6
41.Nh3 Kg6 42.g4 Nd7 43.Nf4+ Kxh6 44.Ke4 Kg5 45.Nd3 Nf6+ 46.Ke5
Nxg4+ 47.fxg4 Kxg4 48.Nxc5 h5 49.Kxd4 Kf3 50.Ne4 1-0

[Event "WA Invitational"]
[Site "Seattle"]
[Date "2010.02.15"]
[Round "9"]
[White "Feng Roland"]
[Black "Ummel Igor"]
[Result "0-1"]
[WhiteElo "1882"]
[BlackElo "2041"]

1.d4 Nf6 2.c4 c5 3.d5 e6 4.Nc3 exd5 5.cxd5 d6 6.e4 g6 7.Nf3 Bg7
8.Be2 Bg4 9.Nd2 Bxe2 10.Qxe2 O-O 11.O-O a6 12.a4 Nfd7 13.Nc4
Nb6 14.a5 Nxc4 15.Qxc4 b5 16.axb6 Qxb6 17.f3 Nd7 18.Qe2 Ne5 19.Be3
f5 20.Ra4 f4 21.Bf2 Qb7 22.Rfa1 c4 23.Bd4 Nxf3+ 24.gxf3 Bxd4+
25.Kg2 Rab8 26.R1a2 Qe7 27.Qd1 Bxc3 28.bxc3 Rb3 29.Rxc4 Rfb8
30.Rb4 Kf7 31.Rxb8 Rxb8 32.Kh1 Qh4 33.Qg1 Qh3 34.Rf2 a5 35.Qf1
Qxf1+ 36.Rxf1 Rb2 37.Ra1 Rf2 38.Rxa5 Rxf3 39.Ra7+ Kf6 40.c4 Rc3
41.Rxh7 Rxc4 42.Rd7 Ke5 43.Re7+ Kd4 44.e5 dxe5 45.d6 Ke4 46.Kg2
Rd4 47.d7 Rd2+ 48.Kh3 Kf3 49.Kh4 e4 50.Kg5 e3 51.Rf7 Rd5+ 52.Kf6
e2 53.Ke6 Rd2 54.Re7 e1Q+ 55.Kf7 Qxe7+ 56.Kxe7 Kg2 57.h4 f3 58.d8Q
Rxd8 59.Kxd8 f2 0-1

[Event "WA Invitational"]
[Site "Seattle"]
[Date "2010.02.15"]
[Round "9"]
[White "Hosford Michael"]
[Black "Goodfellow Robert"]
[Result "1-0"]
[WhiteElo "1860"]
[BlackElo "1744"]

1.e4 c5 2.Nf3 d6 3.Bb5+ Bd7 4.Bxd7+ Qxd7 5.O-O e6 6.c4 Ne7 7.Nc3
a6 8.d4 cxd4 9.Nxd4 Nbc6 10.Be3 Nxd4 11.Qxd4 Nc6 12.Qd2 Be7 13.Rfd1
O-O 14.Na4 Rab8 15.Nb6 Qc7 16.Rac1 Rfd8 17.f4 f5 18.exf5 exf5
19.Qd5+ Kh8 20.Qxf5 Bf6 21.Nd5 Ne7 22.Qxf6 1-0

[Event "WA Invitational"]
[Site "Seattle"]
[Date "2010.02.15"]
[Round "9"]
[White "Tang Wayee"]
[Black "Tang Richard"]
[Result "1-0"]
[WhiteElo "1490"]
[BlackElo "1114"]

1.Nf3 Nf6 2.c4 c6 3.Nc3 g6 4.e4 d6 5.d4 Bg7 6.Be2 O-O 7.O-O Nbd7
8.Be3 Re8 9.h3 e5 10.Qc2 Qc7 11.Rad1 c5 12.d5 a6 13.a4 b6 14.Nd2
Bb7 15.f4 exf4 16.Bxf4 Ne5 17.Nf3 Nxf3+ 18.Bxf3 Nd7 19.Ne2 Ne5
20.Ng3 Nxf3+ 21.gxf3 Rad8 22.h4 Qe7 23.h5 Qh4 24.Qd2 Bxb2 25.Kg2
Be5 26.Bxe5 Rxe5 27.Rh1 Qg5 28.f4 1-0

[Event "WA Invitational"]
[Site "Seattle"]
[Date "2010.02.15"]
[Round "9"]
[White "Fryberg Skylor"]
[Black "Vanmane Amith"]
[Result "1-0"]
[WhiteElo "1906"]
[BlackElo "1643"]

1.d4 Nf6 2.c4 g6 3.Nc3 Bg7 4.e4 d6 5.f3 O-O 6.Nge2 e5 7.Be3 Nc6
8.d5 Ne7 9.Qd2 Ne8 10.g4 c6 11.Ng3 Bd7 12.O-O-O cxd5 13.cxd5
a6 14.Bd3 Rc8 15.Kb1 b5 16.Bh6 b4 17.Nce2 a5 18.h4 Qb6 19.h5
Nf6 20.Bxg7 Kxg7 21.hxg6 fxg6 22.Qh6+ Kg8 23.g5 Nh5 24.Rxh5 gxh5
25.Nxh5 Kf7 26.Qf6+ Ke8 27.Ng7+ Kd8 28.Qxf8+ Kc7 29.Qxe7 1-0

[Event "WA Invitational"]
[Site "Seattle"]
[Date "2010.02.15"]
[Round "9"]
[White "Narayanan Siva"]
[Black "Smith Mark"]
[Result "1-0"]
[WhiteElo "1787"]
[BlackElo "1894"]

1.e4 c5 2.Nc3 Nc6 3.f4 g6 4.Nf3 d6 5.Bb5 Bd7 6.O-O Bg7 7.d3 e6
8.Qe1 Nge7 9.Rb1 a6 10.Bxc6 Nxc6 11.a3 O-O 12.Qg3 b5 13.f5 b4
14.Ne2 Ne5 15.Bg5 f6 16.Nxe5 dxe5 17.Be3 Rc8 18.fxg6 hxg6 19.Qxg6
Be8 20.Qg4 Qe7 21.Rf3 Qf7 22.Rbf1 Rc6 23.Rxf6 Qxf6 24.Rxf6 Rxf6
25.Ng3 Rg6 26.Qe2 Rc7 27.c4 bxc3 28.bxc3 Rf6 29.Bg5 Rg6 30.Bd8
Rb7 31.Qc2 Bh6 32.a4 Rg4 33.Nf1 Rf4 34.Qa2 Rbf7 35.Ng3 Bd7 36.a5
Rg4 37.Qe2 Rg6 38.Kh1 Rh7 39.Nf1 Bf4 40.h3 Be8 41.Bb6 Rb7 42.Qf2
c4 43.dxc4 Bc6 44.Qe2 Rf7 45.Bg1 Rgf6 46.Bh2 Bxh2 47.Nxh2 Rf4
48.Qh5 Rxe4 49.Ng4 Rf1+ 50.Kh2 Ree1 51.Qg5+ Kf7 52.Nxe5+ Rxe5
53.Qxe5 Bd7 54.c5 Rf5 55.Qc7 1-0